Guías de atención de los principales problemas de salud de adolescentes (Registro nro. 13276)

Detalles MARC
000 -CABECERA
Longitud fija campo de control 00825nam a22001937a 4500
003 - IDENTIFICADOR DELl NÚMERO DE CONTROL
Identificador del número de control OSt
005 - FECHA Y HORA DE LA ÚLTIMA TRANSACCIÓN
Fecha y hora de la última transacción 20140829094604.0
008 - CÓDIGOS DE INFORMACIÓN DE LONGITUD FIJA
Códigos de información de longitud fija 140826b2003 slv spa
040 ## - FUENTE DE LA CATALOGACIÓN
Centro transcriptor BMC
082 ## - NÚMERO DE LA CLASIFICACIÓN DECIMAL DEWEY
Númeroo de clasificación 613.0433
245 00 - MENCIÓN DE TÍTULO
Título Guías de atención de los principales problemas de salud de adolescentes
260 ## - PUBLICACIÓN, DISTRIBUCIÓN, ETC. (PIE DE IMPRENTA)
Lugar de publicación, distribución, etc. San Salvador
Nombre del editor, distribuidor, etc. Ministerio de Salud Pública y Asistencia Social, Gerencia de Atención Integral en Salud de Adolescentes
Fecha de publicación, distribución, etc. 2003
300 ## - DESCRIPCIÓN FÍSICA
Extensión X, 134, [12] p.
Otras características físicas il., gráf.
Dimensiones 28 cm
500 ## - NOTA GENERAL
Nota general En la port.: Hoy! Adolescentes saludables. Programa Nacional de Atención Integral de la Salud de Adolescentes
597 ## - NOTA SOBRE ÁREA Y DESCRIPCIÓN FÍSICA
Nota sobre el área de descripción físic Ejemp. es fotocopia enc. en anillas
650 24 - PUNTO DE ACCESO ADICIONAL DE MATERIA - TÉRMINO DE MATERIA
9 (RLIN) 23917
Término de materia o nombre geográfico como elemento inicial Adolescentes
Subdivisión de materia general Salud e higiene
710 1# - PUNTO DE ACCESO ADICIONAL - NOMBRE DE ENTIDAD
9 (RLIN) 24018
Nombre de entidad o nombre de jurisdicción como elemento inicial El Salvador
Unidad subordinada Ministerio de Salud Pública y Asistencia Social
942 ## - ENTRADA DE ELEMENTOS AGREGADOS (KOHA)
Fuente de clasificaión o esquema Dewey Decimal Classification
Koha [por defecto] tipo de item 1- Monografias
Existencias
Suprimido Perdido Fuente de clasificación o esquema Estropeado Restricciones de uso No para préstamo Código de colección Localización permanente Localización actual Localización en estanter&íacute;as Fecha adquisición Fuente de adquisición Número de inventario Préstamos totales Signatura completa Código de barras Fecha última consulta Coste, precio reemplazado Fecha del precio de reemplazo Tipo de item de Koha Fecha último préstamo
NULL NULL Dewey Decimal Classification NULL Prestable NULL NULL Biblioteca Miguel de Cervantes - UNICAES Biblioteca Miguel de Cervantes - UNICAES Sala Principal 16/03/2006 Donación - Facultad de Ciencias y Humanidades 021146   613.0433 GUI 1021504 27/08/2014 5.00 27/08/2014 1- Monografias  
NULL NULL Dewey Decimal Classification NULL Prestable NULL NULL Biblioteca Miguel de Cervantes - UNICAES Biblioteca Miguel de Cervantes - UNICAES Sala Principal 09/04/2015 Donación - Facultad de Ciencias de la Salud 029635 2 613.0433 GUI 1030303 08/07/2016 5.00 09/04/2015 1- Monografias 07/07/2016
NULL NULL Dewey Decimal Classification NULL Prestable NULL NULL Biblioteca Miguel de Cervantes - UNICAES Biblioteca Miguel de Cervantes - UNICAES Sala Principal 09/04/2015 Donación - Facultad de Ciencias de la Salud 029636 1 613.0433 GUI 1030304 01/11/2016 5.00 09/04/2015 1- Monografias 01/11/2016
NULL NULL Dewey Decimal Classification NULL Prestable NULL NULL Biblioteca Miguel de Cervantes - UNICAES Biblioteca Miguel de Cervantes - UNICAES Sala Principal 09/04/2015 Donación - Facultad de Ciencias de la Salud 029637   613.0433 GUI 1030305 09/04/2015 5.00 09/04/2015 1- Monografias  
NULL NULL Dewey Decimal Classification NULL Prestable NULL NULL Biblioteca Miguel de Cervantes - UNICAES Biblioteca Miguel de Cervantes - UNICAES Sala Principal 09/04/2015 Donación - Facultad de Ciencias de la Salud 029638 1 613.0433 GUI 1030306 06/02/2016 5.00 09/04/2015 1- Monografias 06/02/2016